| 000 | 00415nam a22001577a 4500 | ||
|---|---|---|---|
| 003 | OSt | ||
| 005 | 20140311163159.0 | ||
| 008 | 140227t xxu||||| |||| 00| 0 eng d | ||
| 050 |
_aQA 20.G35 _b.B85 1994 |
||
| 100 |
_aBulloch, Ivan _930756 |
||
| 245 |
_aGames / _cIvan Bulloch. |
||
| 260 |
_aNew York : _bThomson Learning, _c1994. |
||
| 300 |
_a30 p. : _bcol. ill. ; _c28 cm. |
||
| 942 |
_2lcc _cBK-TR |
||
| 999 |
_c42451 _d42451 |
||